000 00800nam a22002531 4500
001 12658
003 BD-RjUL
005 20211208235332.0
008 140129r19671954nyuab b 001 0 eng
020 _a0471159751
035 _a(BD-RjUL)12708
040 _aDLC/ICU
_cICU
_dDLC
_dBD-RjUL
_beng
041 _aeng
082 0 0 _223
_a577
_bCLE 1967
100 1 _aClarke, George L.
_q(George Leonard),
_d1905-
_939409
245 1 0 _aElements of ecology /
_cGeorge L. Clarke.
250 _a[1st ed.] rev. print., with subject guide to new references.
260 _aNew York :
_bWiley ,
_cc1954 [printing 1967].
300 _axiv, 560 p. :
_billus., maps. ;
_c23 cm.
504 _aBibliography: p. 505-522, 530-548. and index.
650 0 _aEcology.
_939410
942 _2ddc
_cBK
999 _c12658
_d12658